Sports Quiz

Random Sports Quiz
Score 0/29 Timer 07:00
0 Plays Today
Player % Correct
Pat Keogh
90.5%
Brian Carrigan
88.1%
Mark McLaughlin
76.2%
Richie McCusker
73.8%
Jack Ross
73.8%
Steve Convery
71.4%
Craig Cranmer
71.4%
Bryan Smith
71.4%
Andy McClay
66.7%
Allan Grant
64.3%
David Wylie
64.3%
Darren Murray
61.9%
Ian Spittal
61.9%
Jamie Mitchell
50%
David Dunn
35.7%
Player % Correct
Paul Hay
31%
John Barrett
28.6%
Tom Woods
28.6%
Graham McGhee
21.4%
Stephen Craib
16.7%
Gordon McIntyre
16.7%
Terry Farrell
14.3%
Ian McDonald
14.3%
Mark McGraw
14.3%
Simon Vickers
14.3%
Nicky Henderson
11.9%
Martin McLauchlan
11.9%
Ciaran Quinn
11.9%
Tonny Mols
7.1%
Remove Ads.
Support Sporcle.
Get the best of Sporcle when you Go Orange. This ad-free experience offers more features, more stats, and more fun while also helping to support Sporcle. Thank you for becoming a member.

You're not logged in!

Compare scores with friends on all Sporcle quizzes.
OR
Log In

Sporcle TV

Today on Sporcle TV


Watch our educational content, quiz creation guides, and fun videos on Sporcle TV.

Show Comments

Extras

Top Quizzes Today


Score Distribution

Paid Content

Your Account Isn't Verified!

In order to create a playlist on Sporcle, you need to verify the email address you used during registration. Go to your Sporcle Settings to finish the process.

Report this User

Report this user for behavior that violates our Community Guidelines.

Details: